Lịch sử design /

Design và design thủ công; Design công nghiệp.

Gespeichert in:
Bibliographische Detailangaben
1. Verfasser: Lê Huy Văn.
Weitere Verfasser: Trần Văn Bình.
Format: Buch
Sprache:Vietnamese
Veröffentlicht: Hà Nội : Xây dựng, 2005.
Schlagworte:
Tags: Tag hinzufügen
Keine Tags, Fügen Sie den ersten Tag hinzu!
Thư viện lưu trữ: Mạng thư viện Đại học Đà Nẵng
LEADER 01141cam a2200361 a 4500
001 000045007
003 4117
005 20060414105457.0
008 010308b2005 vm 000 vie
020 |c 38000 
040 |a LRC  |c LRC  |d LRC 
041 0 |a vie 
082 1 4 |a 745.09  |b LÊ-V 
100 1 |a Lê Huy Văn. 
245 1 0 |a Lịch sử design /  |c Lê Huy Văn, Trần Văn Bình. 
260 |a Hà Nội :  |b Xây dựng,  |c 2005. 
300 |a 244 tr. :  |b mh. ;  |c 24 cm. 
520 3 |a Design và design thủ công; Design công nghiệp. 
630 0 4 |a Thiết kế. 
650 0 4 |a Design  |x Lịch sử. 
700 1 |a Trần Văn Bình. 
OWN |a DUT 
AVA |a UDN50  |b DUT  |c Book  |d 745.09 LÊ-V  |e available  |t Error 5001 Not defined in file expand_doc_bib_avail.  |f 5  |g 0  |h N  |i 0  |j SH  |k 1 
999 |a From the UDN01 
AVA |a UDN50  |b DUT  |c Book  |d 745.09 LÊ-V  |e available  |t Error 5001 Not defined in file expand_doc_bib_avail.  |f 5  |g 0  |h N  |i 0  |j SH  |k 1 
TYP |a Monograph 
TYP |a Printed language 
980 |a Mạng thư viện Đại học Đà Nẵng